000 00779nam a2200229 a 4500
001 000034848
005 20200930073936.0
008 111020s1962 sp 000 0 spa d
040 _aDO-SdBNP
_bspa
_cBNPHU
082 _a808
_bA452f, 1962
100 1 _aAlonso Schökel, Luis
_d1920 -
_960378
245 1 3 _aLa formación del estilo :
_blibro del alumno /
_cLuis Alonso Schökel.
250 _a4a ed.
260 _aSantander, España :
_bSal Terrae,
_c1962.
300 _a394 p. ;
_c22 cm.
490 0 _aBiblioteca comillensis
590 _aPerteneció a la biblioteca personal de Juan Isidro Jimenes Grullón
650 4 _aEstilo literario
_95690
650 4 _aEspañol
_xEstilo
_960379
830 0 _aBiblioteca comillensis
_960380
910 _aValidado. Control de calidad MFF
999 _c34339
_d34339